000 01392cam a2200361 i 4500
001 bg
003 KOSZ 005
005 20220620113942.0
008 980702s1995 pl f |000 0 pol
015 _aPB 1996/3192
020 _a8390166283
040 _aWA N
_cKOSZ 005/HR
_dKOSZ 005/HR
041 1 _apol
_heng
080 _a316.77:808.5
080 _a005.57
080 _a159.9
080 _a(083.1)
100 1 _aDunckel, Jacqueline
_d(1930- ).
245 1 0 _aJak skutecznie mówić i przemawiać w biznesie :
_bjak zostać prelegentem profesjonalnym, używać pomocy audiowizualnych i nie tylko /
_cJacqueline Dunckel, Elizabeth Parnham ; tł. [z ang.] Alina Kopeć.
246 1 _iTyt. oryg.:
_aEffective speaking for business success.
260 _aLublin :
_bWydaw. M & A Communications Polska :
_bwe współpr. z M & A Communications Canada,
_c1995.
300 _aXIII, [1], 177 s. ;
_c21 cm.
490 1 _aPomóż Sam Sobie. Biznes.
655 4 _aPoradnik
650 4 _aKomunikacja społeczna
650 4 _aDyskusja
650 4 _aPrezentacje i wystąpienia
700 1 _aParnham, Elizabeth
_d(1927- ).
700 1 _aKopeć, Alina
_eTłumaczenie
856 _uhttp://koha.tu.koszalin.pl/cgi-bin/koha/opac-detail.pl?biblionumber=32935
_yKatalog online BPK
830 0 _aPomóż Sam Sobie.
_pBiznes
942 _2UKD
_cKS
999 _c32935
_d32935